Solved Numerical problems in Food Process Engineering (Record no. 15702)
[ view plain ]
| 000 -LEADER | |
|---|---|
| fixed length control field | 00384nam a22001457a 4500 |
| 003 - CONTROL NUMBER IDENTIFIER | |
| control field | OSt |
| 008 - FIXED-LENGTH DATA ELEMENTS--GENERAL INFORMATION | |
| fixed length control field | 190603b ||||| |||| 00| 0 eng d |
| 020 ## - INTERNATIONAL STANDARD BOOK NUMBER | |
| ISBN | 978813602167 |
| 082 ## - DEWEY DECIMAL CLASSIFICATION NUMBER | |
| Classification number | 664. |
| Item number | ANS/SO |
| 100 ## - MAIN ENTRY--AUTHOR NAME | |
| Personal name | Ansari,Irfan Ahmad |
| 245 ## - TITLE STATEMENT | |
| Title | Solved Numerical problems in Food Process Engineering |
| 260 ## - PUBLICATION, DISTRIBUTION, ETC. (IMPRINT) | |
| Place of publication | New Delhi |
| Name of publisher | Jain Brothers |
| Year of publication | 2015 |
| 300 ## - PHYSICAL DESCRIPTION | |
| Number of Pages | 536 p. |
| 942 ## - ADDED ENTRY ELEMENTS (KOHA) | |
| Koha item type | Book Bank scheme for SC students |
| Withdrawn status | Lost status | Damaged status | Collection code | Home library | Current library | Shelving location | Date acquired | Cost, normal purchase price | Full call number | Accession Number | Koha item type |
|---|---|---|---|---|---|---|---|---|---|---|---|
| Non-fiction | KAUAET | KAUAET | Scheme | 03/06/2019 | 350.00 | 664. ANS/SO | BB 521 | Book Bank scheme for SC students | |||
| Non-fiction | KAUAET | KAUAET | Scheme | 03/06/2019 | 350.00 | 664. ANS/SO | BB 522 | Book Bank scheme for SC students |
